000 00806nam a2200193 i 4500
001 53684
003 ES-MaACL
005 20230906162818.0
007 t|
008 960704s1879 sp ||||1| spa d
040 _aCAM
_bspa
_cCAM
100 1 _aFernandez-Cid y Valencia, Antonio.
_949580
245 1 0 _aDiscurso inagural leido en la Academia Jurídica /
_cpor su presidente Antonio Fernandez Cid y Valencia; y resumen de los trabajos del curso de 1878-79 leido por el secretario Ramiro Alonso Padierna de Villapadierna en la apertura del curso de 1879 á 80.
260 _aMadrid :
_b[s.n.],
_c1879 (
_fTipografía de G. Estrada)
300 _a40 p. ;
_c23 cm.
500 _aTema: De la gracia de indulto.
700 1 _aAlonso Padierna de Villapadierna, Ramiro.
_920377
852 _aES-MaACL
_jT-331-F-6
999 _c53684
_d53684